Hacia una nueva legislación ambiental en Costa Rica

Guardado en:
Bibliografiske detaljer
Institution som forfatter: Centro de Estudios para la Justicia Social con Libertad. Comisión de Medio Ambiente
Format: Texto
Udgivet: San José: Servicios Gráficos
Fag:
Tags: Tilføj Tag
Ingen Tags, Vær først til at tagge denne postø!

MARC

LEADER 00000 a a2200000 04500
001 10395
003
040 |a CRAI/IIS  |c CRAI/IIS 
020 |a [sin ISBN]  
022 |a [sin ISBN]  
090 |a 136203  
110 |a Centro de Estudios para la Justicia Social con Libertad. Comisión de Medio Ambiente  
245 |a Hacia una nueva legislación ambiental en Costa Rica  
260 |a San José:   |b Servicios Gráficos  
300 |a 190 p.  
650 |a AGUA  
650 |a LEGISLACION  
650 |a MEDIO AMBIENTE  
650 |a ADMINISTRACION  
650 |a INSTITUCIONES PUBLICAS  
650 |a ORDENAMIENTO DE LAS AGUAS  
650 |a CONTAMINACION DEL AGUA  
650 |a DESARROLLO SUSTENTABLE  
999 |c 5011  |d 5011